00593cam a2200169 a 4500008004100000020002200041245013600063250001200199260004100211300003500252500004100287650004100328700002700369003000100396005001700397040000900414  a025603012X (pbk.)00aPolicy formulation and administration :ba casebook of senior management problems in business /cC. Roland Christensen... [et al.]. a9th ed. aHomewood, Ill. :bR.D. Irwin,c1985. axiii, 867 p. :bill. ;c24 cm. aIncludes bibliographical references. 0aIndustrial managementxCase studies. aChristensen, Ronald C.20230120145420.0 cNUST